Deadly diseases / (Record no. 3955)

MARC details
000 -LEADER
fixed length control field 01343nam a22002657a 4500
001 - CONTROL NUMBER
control field 3955
003 - CONTROL NUMBER IDENTIFIER
control field FISKH
005 - DATE AND TIME OF LATEST TRANSACTION
control field 20250829145353.0
008 - FIXED-LENGTH DATA ELEMENTS--GENERAL INFORMATION
fixed length control field 240528b cb ||||| |||| 00| 0 eng d
020 ## - INTERNATIONAL STANDARD BOOK NUMBER
International Standard Book Number 9780439944465
040 ## - CATALOGING SOURCE
Original cataloging agency FISK
Language of cataloging eng
Transcribing agency FISK
Modifying agency FISK
050 ## - LIBRARY OF CONGRESS CALL NUMBER
Classification number Q180.2
082 ## - DEWEY DECIMAL CLASSIFICATION NUMBER
Classification number 616
100 ## - MAIN ENTRY--PERSONAL NAME
Personal name Arnold Nick
Dates associated with a name 1964-
245 ## - TITLE STATEMENT
Title Deadly diseases /
Remainder of title Horrible science
Statement of responsibility, etc. by Nick Arnold
260 ## - PUBLICATION, DISTRIBUTION, ETC.
Place of publication, distribution, etc. New York :
Name of publisher, distributor, etc. Scholastic,
Date of publication, distribution, etc. 2008
300 ## - PHYSICAL DESCRIPTION
Extent 173 pages :
Other physical details illustrations,
Dimensions 20 cm
505 ## - FORMATTED CONTENTS NOTE
Formatted contents note Q<br/>
520 ## - SUMMARY, ETC.
Summary, etc. Science with the squishy bits left in! Deadly Diseases will leave you squirming for more. Are you dying to discover ... which dedicated nurse drank diarrhoea? How maggots can help get rid of germs? Why a scientist used eyeballs as food for bacteria? If you think you can stomach the sick side of science, then read on to find out about all kinds of illnesses from the common cold to cruel cholera, why ancient doctors thought nasty pongs caused disease and what happens to your body when it comes under attack. With fantastic fact files and curious quizzes, teacher tests and crazy cartoons, Deadly Diseases is crammed with info. Science has never been so horrible!<br/>
521 8# - TARGET AUDIENCE NOTE
Target audience note 930<br/>
Source Lexile<br/>
521 8# - TARGET AUDIENCE NOTE
Target audience note Q<br/>
Source Raz-Plus<br/>
700 ## - ADDED ENTRY--PERSONAL NAME
Personal name Nick Arnold
942 ## - ADDED ENTRY ELEMENTS (KOHA)
Source of classification or shelving scheme Dewey Decimal Classification
Koha item type Books
Suppress in OPAC No
Holdings
Withdrawn status Lost status Source of classification or shelving scheme Damaged status Not for loan Collection Home library Current library Shelving location Date acquired Total Checkouts Full call number Barcode Date last seen Copy number Price effective from Koha item type Date due Date last checked out
    Dewey Decimal Classification     Non-Fiction Footprints International School Library Network Toul Kork Campus Footprints International School Library Network Toul Kork Campus TTP Secondary Non-Fiction Bookshelves 05/28/2024   ARN Q180.2 616 2024-0726 05/28/2024 1 05/28/2024 Books    
    Dewey Decimal Classification     Non-Fiction Footprints International School Library Network Toul Kork Campus Footprints International School Library Network Toul Kork Campus A TK Campus, 4th Floor, Room B401, Non-Fiction Bookcases(7-8) 07/12/2024   ARN Q180.2 616 FISTKG3B060 07/12/2024 2 07/12/2024 Books    
    Dewey Decimal Classification     Non-Fiction Footprints International School Library Network Toul Tom Poung Campus Footprints International School Library Network Toul Kork Campus TTP Secondary Non-Fiction Bookshelves 08/29/2025 1 ARN Q180.2 616 FISSE00019 04/22/2026 3 08/29/2025 Books 05/06/2026 04/22/2026